25 Biggest CFB Stadiums - Statistics

General Stats
  • This quiz has been taken 91 times
  • The average score is 7 of 25
Answer Stats
Capacity Answer % Correct
107,601 Michigan Stadium
75%
102,780 Ohio Stadium
53%
101,915 Neyland Stadium
49%
106,572 Beaver Stadium
46%
102,733 Kyle Field
46%
101,821 Bryant-Denny Stadium
43%
91,136 Rose Bowl
41%
102,321 Tiger Stadium
39%
81,500 Memorial Stadium (Clemson)
38%
85,458 Memorial Stadium (Nebraska)
38%
80,126 Memorial Stadium (Oklahoma)
38%
100,119 Memorial Stadium (Texas)
38%
92,746 Sanford Stadium
34%
88,043 Jordan-Hare Stadium
24%
70,138 Husky Stadium
17%
88,548 Ben Hill Griffin Stadium
16%
80,795 Notre Dame Stadium
14%
79,560 Doak Campbell Stadium
12%
75,822 Camp Randall Stadium
9%
74,866 Spartan Stadium
8%
69,250 Kinnick Stadium
7%
68,532 Lincoln Financial Field
5%
77,500 Los Angeles Memorial Coliseum
5%
77,559 Williams-Brice Stadium
5%
76,212 Razorback Stadium
3%
No matching quizzes found
Score Distribution
Percent of People with Each Score
Percentile by Number Answered
Your Score History
You have not taken this quiz